Größte Städte auf der Jütischen Halbinsel (Kimbrische Halbinsel) - Statistiken

Allgemein
  • Dieses Quiz wurde 29 mal gespielt
  • Das Durchschnittsergebnis liegt bei 9 aus 20
Antwortstatistiken
Einwohner Antwort % Korrekt
247.717 Kiel
93%
92.550 Flensburg
89%
1.892.122 Hamburg
89%
218.095 Lübeck
89%
290.598 Aarhus
74%
79.502 Neumünster
74%
120.914 Aalborg
67%
81.880 Norderstedt
56%
71.921 Esbjerg
48%
44.279 Pinneberg
48%
62.338 Kolding
33%
50.772 Elmshorn
30%
64.057 Randers
26%
63.162 Horsens
22%
61.310 Vejle
22%
41.243 Fredericia
19%
51.193 Herning
19%
50.866 Silkeborg
19%
42.234 Viborg
19%
37.022 Holstebro
0%
Keine übereinstimmenden Quizze gefunden
Verteilung der Resultate
Anzahl Personen mit jedem Resultat
Perzentil nach korrekt beantworteten Fragen
Ihre Resultats-Entwicklung
Sie haben dieses Quiz noch nicht gespielt